[Event "6. ODEM U25 2009"]
[Site "Willingen GER"]
[Date "2009.06.01"]
[Round "3"]
[White "Stövesand, Eric"]
[Black "Eidner, Falk"]
[Result "0-1"]
[Termination "normal"]
[Board "8"]
[WhiteElo "1805"]
[BlackElo "2006"]
[PlyCount "52"]
[WhiteFideId "24651117"]
[BlackFideId "24634557"]
[EventCountry "GER"]
[EventRounds "9"]
[EventType "swiss"]
[EventDate "2009.05.30"]

1. e4 e5 2. Nf3 Nc6 3. Bb5 a6 4. Ba4 Nf6 5. O-O Be7 6. c3 b5 7. Bb3 O-O 8. Re1
d5 9. exd5 Nxd5 10. d4 exd4 11. Nxd4 Nxd4 12. Qxd4 Bb7 13. Nd2 c5 14. Qg4 Nf6
15. Qh3 c4 16. Bc2 Bc5 17. Nf3 Qb6 18. Be3 Rfe8 19. Bxc5 Qxc5 20. Nd4 Qg5 21.
Rad1 g6 22. Rf1 Nh5 23. f3 Rad8 24. Qg4 Qe7 25. Rfe1 Qf6 26. a4 Bc8 0-1

[Event "6. ODEM U25 2009"]
[Site "Willingen GER"]
[Date "2009.06.01"]
[Round "3"]
[White "Adelhütte, Dennis"]
[Black "Hinz, Arne"]
[Result "1-0"]
[Termination "normal"]
[Board "9"]
[WhiteElo "1712"]
[BlackElo "1965"]
[PlyCount "65"]
[WhiteFideId "4661265"]
[BlackFideId "24634875"]
[EventCountry "GER"]
[EventRounds "9"]
[EventType "swiss"]
[EventDate "2009.05.30"]

1. e4 Nf6 2. e5 Nd5 3. d4 d6 4. Nf3 Bg4 5. Bc4 e6 6. O-O Nb6 7. Be2 Be7 8. Be3
O-O 9. Nbd2 Nc6 10. exd6 cxd6 11. h3 Bf5 12. c4 d5 13. c5 Nd7 14. a3 e5 15.
dxe5 Ndxe5 16. Nxe5 Nxe5 17. Nf3 Bf6 18. Nxe5 Bxe5 19. Bd4 Qf6 20. Bxe5 Qxe5
21. Bf3 Rad8 22. b4 Rd7 23. Qa4 a6 24. c6 bxc6 25. Qxc6 Rd6 26. Qc5 Rc8 27.
Rae1 Rxc5 28. Rxe5 Rc8 29. Rxf5 d4 30. Rd1 d3 31. Rd5 Rxd5 32. Bxd5 Rc3 33. a4
1-0

[Event "6. ODEM U25 2009"]
[Site "Willingen GER"]
[Date "2009.06.01"]
[Round "3"]
[White "Holle, Cedric"]
[Black "Siebarth, Marco"]
[Result "0-1"]
[Termination "normal"]
[Board "10"]
[WhiteElo "1701"]
[BlackElo "2031"]
[PlyCount "104"]
[WhiteFideId "24692158"]
[BlackFideId "24604330"]
[EventCountry "GER"]
[EventRounds "9"]
[EventType "swiss"]
[EventDate "2009.05.30"]

1. e4 e5 2. Nf3 Nf6 3. Bc4 Nxe4 4. Nxe5 d5 5. Qf3 Nf6 6. Bb3 Be7 7. Nc3 c6 8.
d4 Be6 9. O-O O-O 10. Ne2 Ne4 11. Nf4 Nd7 12. Nxe6 fxe6 13. Qg4 Nxe5 14. dxe5
Qd7 15. Re1 Nxf2 16. Qd4 c5 17. Qd2 c4 18. Bxc4 Bc5 19. Qa5 Bb6 20. Qb5 Qxb5
21. Bxb5 Nd3+ 22. Be3 Nxe1 23. Rxe1 Bxe3+ 24. Rxe3 a6 25. Bd7 Kf7 26. Rc3 Ke7
27. Rc7 Kd8 28. Rxb7 Rf7 29. Bc6 Rxb7 30. Bxb7 Ra7 31. Bc6 Rc7 32. Ba4 Rc4 33.
Bb3 Re4 34. Kf2 Rxe5 35. c3 Ke7 36. Bc2 h5 37. b4 g5 38. Bd3 Kd6 39. Bxa6 Rf5+
40. Ke2 h4 41. h3 g4 42. hxg4 Rf4 43. a4 Rxg4 44. Kf3 Rg3+ 45. Kf2 Rxc3 46. Be2
Rb3 47. b5 Ra3 48. Bd1 e5 49. Ke1 e4 50. Ke2 d4 51. Kf2 Ra2+ 52. Kf1 d3 0-1

[Event "6. ODEM U25 2009"]
[Site "Willingen GER"]
[Date "2009.06.01"]
[Round "3"]
[White "Hirschberg, Leander"]
[Black "Ackermann, Johannes"]
[Result "1/2-1/2"]
[Termination "normal"]
[Board "11"]
[WhiteElo "1671"]
[BlackElo "1935"]
[PlyCount "68"]
[WhiteFideId "24652130"]
[BlackFideId "24663875"]
[EventCountry "GER"]
[EventRounds "9"]
[EventType "swiss"]
[EventDate "2009.05.30"]

1. e4 e5 2. Nf3 Nc6 3. d4 exd4 4. Bc4 Nf6 5. O-O Nxe4 6. Re1 d5 7. Bxd5 Qxd5 8.
Nc3 Qh5 9. Nxe4 Be6 10. Nxd4 Qxd1 11. Rxd1 O-O-O 12. Be3 Nxd4 13. Rxd4 Be7 14.
Rad1 h6 15. a3 f5 16. Nc3 Bf6 17. Rxd8+ Rxd8 18. Rxd8+ Kxd8 19. Bd2 Kd7 20. Kf1
Bc4+ 21. Ke1 Kc6 22. b3 Bf7 23. Ke2 Bg6 24. Kf3 Bh5+ 25. Ke3 g5 26. f3 Bg6 27.
Kd3 h5 28. a4 a6 29. Kc4 Bf7+ 30. Kd3 b5 31. axb5+ axb5 32. Ne2 Bg6 33. f4 g4
34. Nd4+ Bxd4 1/2-1/2

[Event "6. ODEM U25 2009"]
[Site "Willingen GER"]
[Date "2009.06.01"]
[Round "3"]
[White "Ehlers, Michael"]
[Black "Schneider, Christian"]
[Result "0-1"]
[Termination "normal"]
[Board "12"]
[WhiteElo "1993"]
[BlackElo "2116"]
[PlyCount "88"]
[WhiteFideId "4674537"]
[BlackFideId "24613886"]
[EventCountry "GER"]
[EventRounds "9"]
[EventType "swiss"]
[EventDate "2009.05.30"]

1. f4 d5 2. Nf3 c5 3. b3 Nc6 4. Bb2 Nf6 5. e3 Bg4 6. Bb5 e6 7. O-O Qc7 8. d3
Nd7 9. Nbd2 f6 10. Bxc6 Qxc6 11. e4 O-O-O 12. Qe1 Bh5 13. e5 f5 14. d4 Bxf3 15.
Nxf3 h6 16. c4 dxc4 17. bxc4 Nb6 18. dxc5 Bxc5+ 19. Kh1 Rd3 20. Rd1 Rxd1 21.
Qxd1 Nxc4 22. Qe2 Nxb2 23. Qxb2 Rd8 24. Rc1 Kb8 25. Qc2 Be3 26. Qxc6 bxc6 27.
Rb1+ Kc7 28. g3 g5 29. fxg5 hxg5 30. Re1 Rd3 31. Rb1 Bd2 32. Kg2 g4 33. Nh4 c5
34. Rb3 Rd8 35. Ng6 Rg8 36. Rd3 Bg5 37. Nf4 Bxf4 38. gxf4 Rd8 39. Ra3 Kb6 40.
Rb3+ Kc6 41. Ra3 c4 42. Rxa7 c3 43. Ra3 Rd3 44. Ra4 Kd5 0-1

[Event "6. ODEM U25 2009"]
[Site "Willingen GER"]
[Date "2009.06.01"]
[Round "3"]
[White "Müller, Jan-Hendrik"]
[Black "Wenninger, Philipp"]
[Result "1/2-1/2"]
[Termination "normal"]
[Board "13"]
[WhiteElo "2090"]
[BlackElo "1984"]
[PlyCount "156"]
[WhiteFideId "24615048"]
[BlackFideId "4648404"]
[EventCountry "GER"]
[EventRounds "9"]
[EventType "swiss"]
[EventDate "2009.05.30"]

1. d4 Nf6 2. Nf3 c5 3. d5 d6 4. Nc3 g6 5. e4 Bg7 6. Bg5 Bg4 7. h3 Bxf3 8. Qxf3
O-O 9. Bc4 Nbd7 10. O-O Rb8 11. a4 a6 12. Qe2 Ne5 13. Ba2 h6 14. Bh4 g5 15. Bg3
Ng6 16. Bc4 Nd7 17. Nd1 Nde5 18. c3 Nxc4 19. Qxc4 b5 20. axb5 axb5 21. Qe2 e5
22. Ne3 Ne7 23. Ra7 f5 24. exf5 Nxf5 25. Nxf5 Rxf5 26. Rfa1 Rf7 27. Rxf7 Kxf7
28. Ra7+ Kg8 29. Qg4 Qe8 30. Qf5 Kh8 31. h4 Ra8 32. Rd7 Rd8 33. Rb7 Qh5 34.
Rxb5 Rf8 35. Qe4 gxh4 36. Qxh4 Qd1+ 37. Kh2 Qxd5 38. Qe7 Qd1 39. f3 Qd3 40. Rb7
Qg6 41. Rb6 Rf5 42. Bh4 Rf4 43. Bg3 Rf5 44. Bh4 Bf8 45. Qd8 Kg8 46. Be7 Rh5+
47. Kg1 Qb1+ 48. Kf2 Qc2+ 49. Ke3 Qc1+ 50. Ke2 Qc2+ 51. Ke3 Qc1+ 52. Ke4 Qf4+
53. Kd3 c4+ 54. Ke2 Rh2 55. Qxf8+ Qxf8 56. Bxf8 Kxf8 57. Rxd6 Rxg2+ 58. Ke3
Rxb2 59. Rc6 Ke7 60. Rxc4 Rh2 61. Rc6 Kd7 62. Rg6 Rh4 63. Rf6 Ke7 64. Rc6 Kd7
65. Rg6 h5 66. Rh6 Ke7 67. Kf2 Rc4 68. Rxh5 Ke6 69. Rh8 Rxc3 70. Re8+ Kd6 71.
Rd8+ Ke7 72. Ra8 Rb3 73. Ra6 Rd3 74. Ke2 Rd6 75. Ra5 Ke6 76. Ke3 Rb6 77. Ra8
Rb3+ 78. Ke4 Rb4+ 1/2-1/2

[Event "6. ODEM U25 2009"]
[Site "Willingen GER"]
[Date "2009.06.01"]
[Round "3"]
[White "Weißbeck, Simon"]
[Black "Schmidt, Matthias"]
[Result "1-0"]
[Termination "normal"]
[Board "14"]
[WhiteElo "1959"]
[BlackElo "1803"]
[PlyCount "153"]
[WhiteFideId "24646865"]
[BlackFideId "12900168"]
[EventCountry "GER"]
[EventRounds "9"]
[EventType "swiss"]
[EventDate "2009.05.30"]

1. e4 e5 2. Nf3 Nc6 3. Bb5 Nf6 4. O-O d6 5. d4 Bd7 6. Re1 Nxd4 7. Bxd7+ Qxd7 8.
Nxd4 exd4 9. Qxd4 c5 10. Qd3 O-O-O 11. c4 g6 12. Nc3 Bg7 13. Bg5 h6 14. Bxf6
Bxf6 15. Rad1 Be5 16. a4 Rhf8 17. a5 f5 18. a6 fxe4 19. Qxe4 Rf4 20. Qxb7+ Qxb7
21. axb7+ Kxb7 22. Rxe5 Rxc4 23. Re4 Rxe4 24. Nxe4 Kc6 25. f3 d5 26. Nc3 d4 27.
Ne4 c4 28. Kf2 a5 29. Ke2 Kb5 30. Kd2 Kb4 31. Ra1 Rd5 32. Kc2 g5 33. Re1 Re5
34. Rb1 a4 35. Rd1 d3+ 36. Kd2 g4 37. Ke3 gxf3 38. gxf3 Kb3 39. Kd4 Rh5 40. Rd2
Rf5 41. Rf2 Rf4 42. Ke3 Rf5 43. f4 h5 44. Kd4 Rf8 45. f5 Rd8+ 46. Ke3 a3 47.
bxa3 c3 48. f6 c2 49. Kd2 Kb2 50. Rf1 Re8 51. f7 Rf8 52. Nc5 c1=Q+ 53. Rxc1
Rxf7 54. Nxd3+ Kxa3 55. Rc5 Rh7 56. Nf4 h4 57. Rh5 Re7 58. Rxh4 Kb3 59. Rh3+
Kc4 60. Re3 Rb7 61. Re4+ Kc5 62. h4 Rb2+ 63. Ke3 Rb3+ 64. Kf2 Kd6 65. h5 Rb7
66. Kg3 Re7 67. Rxe7 Kxe7 68. Kg4 Kf7 69. Kg5 Kg8 70. Kg6 Kh8 71. Kh6 Kg8 72.
Ng6 Kf7 73. Kh7 Kf6 74. Kg8 Kg5 75. Nf4 Kh6 76. Kh8 Kg5 77. Kg7 1-0

[Event "6. ODEM U25 2009"]
[Site "Willingen GER"]
[Date "2009.06.01"]
[Round "3"]
[White "Yin, Zixiao"]
[Black "Sievers, Andy"]
[Result "0-1"]
[Termination "normal"]
[Board "15"]
[WhiteElo "1932"]
[BlackElo "1953"]
[PlyCount "76"]
[WhiteFideId "24622729"]
[BlackFideId "24607908"]
[EventCountry "GER"]
[EventRounds "9"]
[EventType "swiss"]
[EventDate "2009.05.30"]

1. g3 g6 2. Bg2 Bg7 3. c3 e5 4. d3 Ne7 5. Nf3 O-O 6. O-O d5 7. Na3 f5 8. Bg5 h6
9. Bxe7 Qxe7 10. Qb3 c6 11. e4 Be6 12. exf5 gxf5 13. Nc2 d4 14. c4 b5 15. Rfe1
bxc4 16. dxc4 Qd6 17. Qb4 Qxb4 18. Nxb4 e4 19. Nd2 a5 20. Nd3 Na6 21. Nf4 Bd7
22. Nh5 Nb4 23. Nxg7 Kxg7 24. Red1 d3 25. g4 e3 26. fxe3 Nc2 27. Rac1 Nxe3 28.
Re1 Nxg2 29. Kxg2 fxg4 30. Rc3 Bf5 31. Rb3 Rae8 32. Rb7+ Kf6 33. Rd1 Re2+ 34.
Kg3 Rfe8 35. Rc7 Kg5 36. Rg7+ Kf6 37. Rc7 R8e3+ 38. Kf4 Re6 0-1

[Event "6. ODEM U25 2009"]
[Site "Willingen GER"]
[Date "2009.06.01"]
[Round "3"]
[White "Ivascu, Cosmin Alexandru"]
[Black "Matschewsky, Justus"]
[Result "0-1"]
[Termination "normal"]
[Board "16"]
[WhiteElo "1891"]
[BlackElo "1658"]
[PlyCount "142"]
[WhiteFideId "24686034"]
[BlackFideId "24678708"]
[EventCountry "GER"]
[EventRounds "9"]
[EventType "swiss"]
[EventDate "2009.05.30"]

1. e4 e5 2. Nf3 Nc6 3. d4 exd4 4. Bc4 Be7 5. c3 d6 6. Qb3 Be6 7. Bxe6 fxe6 8.
Qxb7 Na5 9. Qa6 c5 10. cxd4 Qb6 11. Qxb6 axb6 12. Na3 Nc6 13. Nc2 Nf6 14. e5
dxe5 15. dxe5 Nd7 16. Bf4 O-O 17. Bg3 Rf5 18. O-O g5 19. Rfd1 Ra7 20. a3 g4 21.
Nd2 Ndxe5 22. Ne3 Rf8 23. Ndc4 Nxc4 24. Nxc4 b5 25. Ne5 Nxe5 26. Bxe5 Rf5 27.
Bc3 b4 28. Bd2 bxa3 29. bxa3 Rd5 30. Be3 Rxa3 31. Kf1 Rad3 32. Rxd3 Rxd3 33.
Ra4 h5 34. Re4 Kf7 35. Ke2 Rd5 36. Ra4 Kg6 37. Ra7 Bg5 38. Bxg5 Kxg5 39. Rc7
Kf4 40. Rc6 e5 41. f3 e4 42. g3+ Ke5 43. f4+ Kd4 44. Rc8 c4 45. Kd2 e3+ 46. Ke2
Ra5 47. Rd8+ Kc3 48. Kxe3 Ra3 49. Ke2 Ra2+ 50. Ke1 Ra5 51. Rd7 Kb2 52. Rb7+ Kc2
53. Rb8 c3 54. Ke2 Ra2 55. Ke1 Rb2 56. Rc8 Rb5 57. Ke2 Kb2 58. Kd3 Rd5+ 59. Ke4
Rd7 60. Rb8+ Kc1 61. Ke3 c2 62. Ke2 Re7+ 63. Kf2 Re4 64. f5 Re5 65. Rf8 Kd2 66.
Rd8+ Kc3 67. Rc8+ Kd3 68. Kf1 Rxf5+ 69. Ke1 Re5+ 70. Kf2 Re4 71. Rd8+ Kc3 0-1

[Event "6. ODEM U25 2009"]
[Site "Willingen GER"]
[Date "2009.06.01"]
[Round "3"]
[White "Bart, Simon"]
[Black "Berger, Manuel"]
[Result "1/2-1/2"]
[Termination "normal"]
[Board "17"]
[WhiteElo "1988"]
[BlackElo "1767"]
[PlyCount "88"]
[WhiteFideId "24637327"]
[BlackFideId "24692506"]
[EventCountry "GER"]
[EventRounds "9"]
[EventType "swiss"]
[EventDate "2009.05.30"]

1. e4 c5 2. Nf3 a6 3. c3 e6 4. d4 cxd4 5. cxd4 d5 6. e5 Nc6 7. a3 Nge7 8. Be2
Qb6 9. b4 Ng6 10. O-O Bd7 11. Nc3 Na7 12. Be3 Be7 13. Rc1 O-O 14. Ng5 Bb5 15.
f4 Nh4 16. g4 Bxe2 17. Qxe2 f6 18. exf6 Bxf6 19. Na4 Qd6 20. Nxh7 Kxh7 21. g5
Nf5 22. gxf6 Rxf6 23. Nc5 Nb5 24. Qd3 b6 25. a4 Na7 26. Nxa6 Nc6 27. b5 Nb4 28.
Qe2 Nxa6 29. bxa6 Nxe3 30. Qxe3 Rxa6 31. Qd3+ Rg6+ 32. Kh1 Rxa4 33. Rg1 e5 34.
dxe5 Qe6 35. f5 Rxg1+ 36. Rxg1 Qxe5 37. f6+ Qe4+ 38. Qxe4+ Rxe4 39. Rxg7+ Kh6
40. Rb7 Re6 41. f7 Kg7 42. Kg2 d4 43. Rd7 b5 44. Kf3 Rf6+ 1/2-1/2

[Event "6. ODEM U25 2009"]
[Site "Willingen GER"]
[Date "2009.06.01"]
[Round "3"]
[White "Baier, Christoph"]
[Black "Mantler, Hendrik"]
[Result "0-1"]
[Termination "normal"]
[Board "18"]
[WhiteElo "1671"]
[BlackElo "2164"]
[PlyCount "52"]
[WhiteFideId "24655759"]
[BlackFideId "4697790"]
[EventCountry "GER"]
[EventRounds "9"]
[EventType "swiss"]
[EventDate "2009.05.30"]

1. d4 Nf6 2. c4 e6 3. Nc3 d5 4. Nf3 Be7 5. Bg5 h6 6. Bh4 O-O 7. e3 b6 8. cxd5
exd5 9. Ne5 Bb7 10. Bd3 Nbd7 11. f4 Ne4 12. Bxe7 Qxe7 13. Bxe4 dxe4 14. O-O
Rfd8 15. Qb3 c5 16. Nxd7 Rxd7 17. dxc5 Qxc5 18. Na4 Qe7 19. Rad1 Rad8 20. Nc3
Qc5 21. Na4 Qe7 22. Nc3 Rd3 23. Rfe1 Qc5 24. Kf2 Qh5 25. Kg1 Qh4 26. Qc2 Rd2
0-1

[Event "6. ODEM U25 2009"]
[Site "Willingen GER"]
[Date "2009.06.01"]
[Round "3"]
[White "Schneider, Johannes"]
[Black "Wagner, Florian"]
[Result "0-1"]
[Termination "normal"]
[Board "19"]
[BlackTitle "FM"]
[WhiteElo "1775"]
[BlackElo "2302"]
[PlyCount "76"]
[WhiteFideId "24687260"]
[BlackFideId "4698118"]
[EventCountry "GER"]
[EventRounds "9"]
[EventType "swiss"]
[EventDate "2009.05.30"]

1. d4 Nf6 2. c4 c5 3. d5 b5 4. cxb5 a6 5. bxa6 g6 6. Nc3 Bxa6 7. e4 Bxf1 8.
Kxf1 d6 9. Nf3 Bg7 10. g3 O-O 11. Kg2 Nbd7 12. Re1 Qa5 13. Qc2 Nb6 14. Rb1 Nfd7
15. a3 Nc4 16. Nd2 Nxa3 17. bxa3 Qxc3 18. Qxc3 Bxc3 19. Re3 Bxd2 20. Bxd2 Ne5
21. Bc1 Nc4 22. Reb3 f6 23. f4 Kf7 24. Kf3 Ra4 25. Ke2 Rfa8 26. Ra1 Na5 27. Re3
Rb8 28. Ra2 Rb1 29. Kd1 Rc4 30. Rc2 Rd4+ 31. Ke2 e6 32. Bb2 Rdd1 33. dxe6+ Kxe6
34. Kf3 Rf1+ 35. Ke2 Rfe1+ 36. Kf3 Rxe3+ 37. Kxe3 Rxb2 38. Rxb2 Nc4+ 0-1

[Event "6. ODEM U25 2009"]
[Site "Willingen GER"]
[Date "2009.06.01"]
[Round "3"]
[White "Kyas, Marcel"]
[Black "Gefnider, Andreas"]
[Result "1-0"]
[Termination "normal"]
[Board "20"]
[WhiteElo "2106"]
[BlackElo "1653"]
[PlyCount "85"]
[WhiteFideId "24642037"]
[BlackFideId "12900176"]
[EventCountry "GER"]
[EventRounds "9"]
[EventType "swiss"]
[EventDate "2009.05.30"]

1. d4 d5 2. c4 e6 3. Nf3 Nf6 4. g3 c6 5. Qc2 Be7 6. Bg2 O-O 7. O-O Nbd7 8. Rd1
Re8 9. b3 Ne4 10. Bb2 Ndf6 11. Ne5 Bd7 12. c5 h6 13. f3 Ng5 14. e4 Qc7 15. Nd2
Rad8 16. Nd3 dxe4 17. fxe4 Ng4 18. Nf1 Nf6 19. Ne5 Bc8 20. Ne3 Ngh7 21. Rf1 Rf8
22. N3c4 Nd7 23. Nd3 Nhf6 24. Bc1 g5 25. Bd2 b6 26. Bb4 Nb8 27. Bc3 Nbd7 28. b4
Ba6 29. Bb2 Ng4 30. Rae1 Ngf6 31. Rf3 Nh5 32. Nf2 Nhf6 33. a3 Rfe8 34. Nd6 Rf8
35. e5 Nd5 36. Nfe4 Kg7 37. Bc1 Bc8 38. Ref1 f5 39. exf6+ N7xf6 40. Qe2 Nxe4
41. Rf7+ Rxf7 42. Rxf7+ Kg8 43. Qxe4 1-0

[Event "6. ODEM U25 2009"]
[Site "Willingen GER"]
[Date "2009.06.01"]
[Round "3"]
[White "Gölz, Daniel"]
[Black "Reksten, Daniel"]
[Result "1-0"]
[Termination "normal"]
[Board "21"]
[WhiteElo "2058"]
[BlackElo "1638"]
[PlyCount "101"]
[WhiteFideId "24626325"]
[BlackFideId "24692590"]
[EventCountry "GER"]
[EventRounds "9"]
[EventType "swiss"]
[EventDate "2009.05.30"]

1. e4 c6 2. Nc3 d5 3. Nf3 e6 4. Be2 Bd7 5. O-O Qc7 6. d4 Bb4 7. e5 Ne7 8. a3
Bxc3 9. bxc3 c5 10. a4 Nbc6 11. Ba3 b6 12. Qd2 O-O 13. dxc5 Rfe8 14. cxb6 axb6
15. Bd6 Qa7 16. Nd4 Nxd4 17. cxd4 Nf5 18. Bb4 Ne7 19. f4 Qc7 20. Bd6 Qc6 21.
Bb5 Qc8 22. Rfb1 Bxb5 23. Rxb5 Qc6 24. Qb4 Nc8 25. c3 Ra6 26. a5 h6 27. Rb1
Nxd6 28. Qxd6 Qxd6 29. exd6 bxa5 30. f5 Rd8 31. fxe6 fxe6 32. Ra1 Rdxd6 33.
Raxa5 Rxa5 34. Rxa5 Rc6 35. Ra3 Kf7 36. Kf2 Kf6 37. Ke3 g5 38. g3 Kg6 39. g4
Kf6 40. Kd3 Kg6 41. Ra5 Kf6 42. Rb5 Rc7 43. Rb6 Rc8 44. Rb4 Rc7 45. c4 Rxc4 46.
Rxc4 dxc4+ 47. Kxc4 e5 48. d5 Ke7 49. Kd3 Kd7 50. Ke4 Kd6 51. h3 1-0

[Event "6. ODEM U25 2009"]
[Site "Willingen GER"]
[Date "2009.06.01"]
[Round "3"]
[White "Jorczik, Andreas"]
[Black "Tschlatscher, Thomas"]
[Result "0-1"]
[Termination "normal"]
[Board "22"]
[WhiteElo "1792"]
[BlackElo "1983"]
[PlyCount "40"]
[WhiteFideId "24634921"]
[BlackFideId "24635863"]
[EventCountry "GER"]
[EventRounds "9"]
[EventType "swiss"]
[EventDate "2009.05.30"]

1. d4 Nf6 2. c4 e6 3. Nc3 d5 4. Bg5 Nbd7 5. Nf3 c6 6. e3 Qa5 7. a3 Ne4 8. Qc1
Nxg5 9. Nxg5 dxc4 10. Bxc4 Qxg5 11. O-O Be7 12. b4 O-O 13. f4 Qh6 14. Rf3 g6
15. Rh3 Qg7 16. Qd2 Nb6 17. Bb3 e5 18. Rf3 exd4 19. exd4 Bf6 20. Rd1 Bg4 0-1

[Event "6. ODEM U25 2009"]
[Site "Willingen GER"]
[Date "2009.06.01"]
[Round "3"]
[White "Klippel, Jan"]
[Black "Durmisi, Valon"]
[Result "1-0"]
[Termination "normal"]
[Board "23"]
[WhiteElo "2035"]
[BlackElo "1619"]
[PlyCount "73"]
[WhiteFideId "24642215"]
[EventCountry "GER"]
[EventRounds "9"]
[EventType "swiss"]
[EventDate "2009.05.30"]

1. c4 e5 2. Nc3 Nf6 3. g3 c6 4. Bg2 d5 5. cxd5 cxd5 6. Qb3 Nc6 7. Nxd5 Nd4 8.
Nxf6+ Qxf6 9. Qd1 Bf5 10. d3 Rc8 11. Kf1 Nc2 12. Rb1 b5 13. Bd2 Be6 14. Rc1 Bc5
15. Nf3 Nd4 16. Nxd4 Bxd4 17. Rxc8+ Bxc8 18. e3 Bb6 19. Qf3 Qxf3 20. Bxf3 O-O
21. Ke2 Be6 22. a3 Rd8 23. Bc3 f6 24. Rd1 g5 25. Bb4 Rc8 26. Kd2 a5 27. Bc3 g4
28. Be4 Kg7 29. b4 Bb3 30. Rc1 axb4 31. Bxb4 Rd8 32. Rc6 Rb8 33. Bf5 Bd5 34.
Rd6 Bf7 35. Bxg4 h5 36. Bf5 Bc7 37. Rd7 1-0

[Event "6. ODEM U25 2009"]
[Site "Willingen GER"]
[Date "2009.06.01"]
[Round "3"]
[White "Nehls, Benedikt"]
[Black "Herbst, Matthew"]
[Result "1-0"]
[Termination "normal"]
[Board "24"]
[WhiteElo "1836"]
[BlackElo "1615"]
[PlyCount "123"]
[WhiteFideId "24656771"]
[BlackFideId "24601950"]
[EventCountry "GER"]
[EventRounds "9"]
[EventType "swiss"]
[EventDate "2009.05.30"]

1. d4 d5 2. c4 e6 3. Nc3 Nf6 4. cxd5 exd5 5. Bg5 Nbd7 6. e3 c6 7. Bd3 Qa5 8.
Qc2 Be7 9. Nf3 O-O 10. O-O Re8 11. a3 Nf8 12. b4 Qc7 13. Bxf6 Bxf6 14. Nxd5 Qd6
15. Nxf6+ Qxf6 16. Rac1 Bg4 17. Ne5 Bh5 18. b5 cxb5 19. Bxb5 Red8 20. Qb3 Ng6
21. Nxf7 Kf8 22. Nxd8 Rxd8 23. Rc5 Bg4 24. f3 Bd7 25. Bxd7 Rxd7 26. Rc8+ Ke7
27. Qb4+ Qd6 28. Qxd6+ Kxd6 29. Rfc1 Ke6 30. R8c7 b6 31. Rxd7 Kxd7 32. a4 Ne7
33. e4 Nc6 34. d5 Nd4 35. Kf2 Nb3 36. Rc3 Nc5 37. Rxc5 bxc5 38. e5 Ke7 39. Ke3
Kf7 40. Kd3 Ke7 41. Kc4 g6 42. Kxc5 Kd7 43. e6+ Kd8 44. d6 h5 45. Kc6 h4 46. d7
Ke7 47. Kc7 h3 48. d8=Q+ Kxe6 49. Qd7+ Kf6 50. Qxh3 a5 51. f4 g5 52. Qh6+ Kf5
53. Qxg5+ Ke4 54. Qe5+ Kd3 55. f5 Kc4 56. f6 Kd3 57. f7 Kc4 58. f8=R Kb4 59.
Rf4+ Kb3 60. Qe3+ Kc2 61. Rf2+ Kb1 62. Qe1# 1-0

[Event "6. ODEM U25 2009"]
[Site "Willingen GER"]
[Date "2009.06.01"]
[Round "3"]
[White "Kabitzke, Julian"]
[Black "Laqua, Stefan"]
[Result "1-0"]
[Termination "normal"]
[Board "25"]
[WhiteElo "1823"]
[BlackElo "1744"]
[PlyCount "47"]
[WhiteFideId "24669547"]
[BlackFideId "4674634"]
[EventCountry "GER"]
[EventRounds "9"]
[EventType "swiss"]
[EventDate "2009.05.30"]

1. d4 e6 2. Nf3 Nf6 3. Bg5 Be7 4. e3 d5 5. c4 Nbd7 6. Nc3 a6 7. cxd5 Nxd5 8.
Bxe7 Qxe7 9. Rc1 N7f6 10. Bd3 c6 11. O-O O-O 12. a3 Re8 13. Bb1 Nb6 14. Qd3
Nbd7 15. Ne5 c5 16. Nxd7 Bxd7 17. dxc5 Rad8 18. Qc4 Nd5 19. Nxd5 exd5 20. Qc2
g6 21. Rfd1 Bf5 22. Qc3 Bg4 23. Rd4 Be2 24. Bd3 1-0

[Event "6. ODEM U25 2009"]
[Site "Willingen GER"]
[Date "2009.06.01"]
[Round "3"]
[White "Becker, Carsten"]
[Black "Bachem, Sabrina"]
[Result "1-0"]
[Termination "normal"]
[Board "26"]
[WhiteElo "1995"]
[BlackElo "1599"]
[PlyCount "75"]
[WhiteFideId "24646822"]
[EventCountry "GER"]
[EventRounds "9"]
[EventType "swiss"]
[EventDate "2009.05.30"]

1. d4 Nf6 2. Bg5 d5 3. Bxf6 exf6 4. Nd2 Bd6 5. c3 Nd7 6. Qc2 c6 7. e4 Qe7 8.
O-O-O O-O 9. Bd3 h6 10. f3 Nb6 11. Ne2 Be6 12. Kb1 a5 13. Rhe1 Nc4 14. Bxc4
dxc4 15. d5 cxd5 16. exd5 Bc8 17. Nd4 Qc7 18. Nb5 Qd7 19. a4 Bxh2 20. Nxc4 Qf5
21. Re7 Qxc2+ 22. Kxc2 Rd8 23. Nb6 Bf5+ 24. Kb3 Rab8 25. g4 Bc8 26. Rde1 Kf8
27. Nxc8 Rdxc8 28. d6 Rd8 29. Rc7 Bxd6 30. Nxd6 Rxd6 31. Ree7 Rb6+ 32. Ka3 g5
33. Rxf7+ Ke8 34. Rh7 Kd8 35. Rcg7 Re6 36. Rh8+ Re8 37. Rxe8+ Kxe8 38. Rg8+ 1-0

[Event "6. ODEM U25 2009"]
[Site "Willingen GER"]
[Date "2009.06.01"]
[Round "3"]
[White "Rummer, Martin"]
[Black "Lebeda, Timo"]
[Result "1-0"]
[Termination "normal"]
[Board "27"]
[WhiteElo "1589"]
[BlackElo "1942"]
[PlyCount "45"]
[WhiteFideId "12900184"]
[BlackFideId "4638565"]
[EventCountry "GER"]
[EventRounds "9"]
[EventType "swiss"]
[EventDate "2009.05.30"]

1. e4 c5 2. Nc3 e6 3. g3 d5 4. e5 Nc6 5. f4 a6 6. Bg2 b5 7. Nf3 Bb7 8. O-O d4
9. Ne4 Nh6 10. d3 Be7 11. Nh4 O-O 12. f5 Nxf5 13. Nxf5 exf5 14. Rxf5 Qd7 15.
Qf3 Nb4 16. Bh3 Nxc2 17. Rh5 Qc6 18. Bf5 g6 19. Qg4 Nxa1 20. Bg5 gxf5 21. Nf6+
Bxf6 22. Bxf6+ fxg4 23. Rg5# 1-0

[Event "6. ODEM U25 2009"]
[Site "Willingen GER"]
[Date "2009.06.01"]
[Round "3"]
[White "Kuckling, Jonas"]
[Black "Klebanov, Andrej"]
[Result "1/2-1/2"]
[Termination "normal"]
[Board "28"]
[WhiteElo "1539"]
[BlackElo "1818"]
[PlyCount "84"]
[WhiteFideId "24603856"]
[BlackFideId "24669989"]
[EventCountry "GER"]
[EventRounds "9"]
[EventType "swiss"]
[EventDate "2009.05.30"]

1. d4 b5 2. c4 bxc4 3. e4 Bb7 4. Nc3 e6 5. a3 d5 6. e5 c5 7. Be3 Nc6 8. Nf3 Qb6
9. dxc5 Bxc5 10. Na4 Qa5+ 11. Bd2 Qb5 12. Nc3 Qb6 13. Na4 Qb5 14. Nc3 Qa6 15.
b3 Na5 16. b4 Nb3 17. Qxb3 Qb6 18. Qa4+ Bc6 19. bxc5 Bxa4 20. cxb6 axb6 21. Nd4
Kd7 22. Be2 Ne7 23. O-O f6 24. f4 Rhb8 25. Rab1 Nc6 26. Ndb5 d4 27. Nxa4 Rxa4
28. exf6 gxf6 29. Rfd1 d3 30. Bc3 Ne7 31. Bb4 Nd5 32. Bxd3 cxd3 33. Rxd3 Ke8
34. g3 Kf7 35. Nc7 Nxb4 36. Rxb4 Ra7 37. Rbd4 Rxc7 38. Rd7+ Rxd7 39. Rxd7+ Kg6
40. Re7 Kf5 41. Rxh7 Ra8 42. Rb7 Ra6 1/2-1/2

[Event "6. ODEM U25 2009"]
[Site "Willingen GER"]
[Date "2009.06.01"]
[Round "3"]
[White "Fernschild, Daniel"]
[Black "Sasse, Fabius"]
[Result "1/2-1/2"]
[Termination "normal"]
[Board "29"]
[WhiteElo "1877"]
[BlackElo "1579"]
[PlyCount "42"]
[WhiteFideId "4624513"]
[BlackFideId "24659657"]
[EventCountry "GER"]
[EventRounds "9"]
[EventType "swiss"]
[EventDate "2009.05.30"]

1. d4 d5 2. Nf3 Nf6 3. e3 e6 4. Bd3 c5 5. c3 Nbd7 6. Nbd2 Be7 7. O-O O-O 8. Qe2
Qc7 9. e4 cxd4 10. e5 dxc3 11. exf6 Bxf6 12. bxc3 Bxc3 13. Ba3 Bxa1 14. Bxf8
Bc3 15. Ba3 Ne5 16. Nxe5 Qxe5 17. Qxe5 Bxe5 18. f4 Bd4+ 19. Kh1 Bd7 20. Nf3 Be3
21. Bc1 Bb6 1/2-1/2